Psicoanalisi dei comportamenti sessuali violenti (Record no. 212957)

MARC details
000 -LEADER
fixed length control field 00707nam a2200205Ia 4500
001 - CONTROL NUMBER
control field b4320-27333 [5524]
003 - CONTROL NUMBER IDENTIFIER
control field IT-MiCISF
008 - FIXED-LENGTH DATA ELEMENTS--GENERAL INFORMATION
fixed length control field 161014s9999||||xx |||||||||||||| ||und||
040 ## - CATALOGING SOURCE
Original cataloging agency IT-MiCISF
Transcribing agency IT-MiCISF
041 ## - LANGUAGE CODE
Language code of text/sound track or separate title it
999 ## - SYSTEM CONTROL NUMBERS (KOHA)
Koha Dewey Subclass [OBSOLETE] si
100 ## - MAIN ENTRY--PERSONAL NAME
Personal name Balier Claude
245 #0 - TITLE STATEMENT
Title Psicoanalisi dei comportamenti sessuali violenti
Remainder of title Una patologia dell'incompiuto
250 ## - EDITION STATEMENT
Edition statement 1a ed.
260 ## - PUBLICATION, DISTRIBUTION, ETC. (IMPRINT)
Place of publication, distribution, etc. Torino
Name of publisher, distributor, etc. Centro Scientifico Editore
Date of publication, distribution, etc. 1998 [Edizione originale: 1996]
300 ## - PHYSICAL DESCRIPTION
Extent pp. XIX, 257
500 ## - GENERAL NOTE
General note Presentazione ed edizione italiana a cura di Fornari U. / abuso-sessuale, psicoanalisi, infanzia, stupro, incesto /
650 ## - SUBJECT ADDED ENTRY--TOPICAL TERM
Topical term or geographic name as entry element maltrattamenti-violenza
942 ## - ADDED ENTRY ELEMENTS (KOHA)
Koha item type LIBRO
957 ## -
-- 1
999 ## - SYSTEM CONTROL NUMBERS (KOHA)
-- 1
Holdings
Withdrawn status Lost status Damaged status Not for loan Home library Current library Date acquired Total Checkouts Full call number Date last seen Price effective from Koha item type Public note
    Buone Condizioni Not For Loan CISF - Milano CISF - Milano 14/10/2016   b4320-27333 [5524] 14/10/2016 14/10/2016 LIBRO Data import 15.10.2016 / by Epidotti, Vaglietti
CREDITS: SOCIETA' SAN PAOLO Via A.Severo, 58 - ROMA (RM) & PERIODICI SAN PAOLO SRL Via Giotto, 36 MILANO & CISF Via Giotto, 36 MILANO & EDIZIONI SAN PAOLO SRL,  Piazza Soncino, 5 CINISELLO BALSAMO (MI) -- ITALY